<The> Complexity and Management of the Information Technology Services
Poukázanie na niektoré problémy týkajúce sa zvýšenia zložitosti používania a správy informačných technológií. Dospelo sa k záveru, že s využitím správy IT služieb sa táto zložitosť môže znížiť a lepšie zvládnuť.
Saved in:
| Main Author: | |
|---|---|
| Other Authors: | |
| Format: | Book Chapter |
| Language: | English |
| Subjects: | |
| Tags: |
No Tags, Be the first to tag this record!
|
MARC
| LEADER | 00000naa a2200000 4500 | ||
|---|---|---|---|
| 001 | 0251137 | ||
| 005 | 20240502074028.5 | ||
| 041 | 0 | |a eng | |
| 044 | |a SK | ||
| 245 | 1 | 0 | |a <The> Complexity and Management of the Information Technology Services |c Alexander Petrov, Vanda Lieskovská |
| 520 | |a Poukázanie na niektoré problémy týkajúce sa zvýšenia zložitosti používania a správy informačných technológií. Dospelo sa k záveru, že s využitím správy IT služieb sa táto zložitosť môže znížiť a lepšie zvládnuť. | ||
| 610 | 2 | 0 | |a technológie informačné |
| 610 | 2 | 0 | |a technológie komunikačné |
| 610 | 2 | 0 | |a manažment |
| 610 | 2 | 0 | |a manažment informačný strategický |
| 610 | 2 | 0 | |a služby |
| 610 | 2 | 0 | |a služby elektronické |
| 100 | 1 | |a Petrov, Alexander | |
| 700 | 1 | |a Lieskovská, Vanda, 1961- | |